[Event "WCO 2016"]
[Site "?"]
[Date "2016.09.11"]
[Round "9"]
[Board "27"]
[WhiteID "11301317"]
[White "Francis Thapelo"]
[BlackID "11000546"]
[Black "Pasipanodya Valentine"]
[Result "1-0"]
[BlackElo "1594"]
[WhiteElo "1700"]
[LiveChessVersion "1.4.8"]

1. e4 {[%clk 1:30:55]} e5 {[%clk 1:30:57]} 2. Nf3 {[%clk 1:31:17]} d6
{[%clk 1:31:19]} 3. d4 {[%clk 1:31:04]} exd4 {[%clk 1:31:38]} 4. Nxd4
{[%clk 1:31:18]} Be7 {[%clk 1:32:00]} 5. Bc4 {[%clk 1:30:56]} Nf6
{[%clk 1:32:19]} 6. Nc3 {[%clk 1:29:39]} a6 {[%clk 1:32:31]} 7. h3
{[%clk 1:28:13]} c6 {[%clk 1:32:36]} 8. O-O {[%clk 1:28:04]} O-O {[%clk 1:32:57]}
9. Qf3 {[%clk 1:27:36]} Nbd7 {[%clk 1:32:58]} 10. Qg3 {[%clk 1:24:17]} Ne5
{[%clk 1:30:48]} 11. Bb3 {[%clk 1:23:34]} c5 {[%clk 1:29:10]} 12. Nde2
{[%clk 1:21:05]} c4 {[%clk 1:27:49]} 13. f4 {[%clk 1:21:11]} cxb3
{[%clk 1:23:59]} 14. fxe5 {[%clk 1:21:17]} dxe5 {[%clk 1:24:07]} 15. cxb3
{[%clk 1:18:57]} Qc7 {[%clk 1:21:55]} 16. Bg5 {[%clk 1:15:47]} Kh8
{[%clk 1:08:53]} 17. Bxf6 {[%clk 1:11:21]} Bxf6 {[%clk 1:08:47]} 18. Rac1
{[%clk 1:10:13]} Qa5 {[%clk 1:06:57]} 19. Kh1 {[%clk 1:06:29]} Be6
{[%clk 1:06:55]} 20. Qd3 {[%clk 1:03:42]} Rfd8 {[%clk 1:01:08]} 21. Qc2
{[%clk 1:00:21]} Rac8 {[%clk 1:00:24]} 22. a3 {[%clk 1:00:10]} Qb6
{[%clk 0:55:09]} 23. b4 {[%clk 1:00:15]} Bg5 {[%clk 0:44:16]} 24. Rcd1
{[%clk 1:00:26]} h6 {[%clk 0:44:10]} 25. Rxd8+ {[%clk 0:59:38]} Rxd8
{[%clk 0:44:14]} 26. Rd1 {[%clk 0:53:55]} Qf2 {[%clk 0:43:04]} 27. Rxd8+
{[%clk 0:53:58]} Bxd8 {[%clk 0:43:26]} 28. Qd1 {[%clk 0:51:18]} Bb6
{[%clk 0:43:08]} 29. Qg1 {[%clk 0:45:30]} Qxg1+ {[%clk 0:39:59]} 30. Nxg1
{[%clk 0:45:54]} Bxg1 {[%clk 0:40:25]} 31. Kxg1 {[%clk 0:46:20]} Kg8
{[%clk 0:40:41]} 32. Kf2 {[%clk 0:45:46]} Kf8 {[%clk 0:41:05]} 33. Ke3
{[%clk 0:44:54]} Ke7 {[%clk 0:41:03]} 34. h4 {[%clk 0:44:49]} Kd6
{[%clk 0:41:19]} 35. g3 {[%clk 0:44:49]} g6 {[%clk 0:34:39]} 36. Na4
{[%clk 0:44:52]} Bg4 {[%clk 0:32:59]} 37. Nc5 {[%clk 0:43:56]} Kc6
{[%clk 0:32:29]} 38. Nd3 {[%clk 0:42:45]} f6 {[%clk 0:31:35]} 39. Kd2
{[%clk 0:37:22]} b6 {[%clk 0:30:32]} 40. Kc3 {[%clk 1:07:09]} Bf3
{[%clk 1:00:05]} 41. Nf2 {[%clk 1:07:23]} f5 {[%clk 0:51:10]} 42. exf5
{[%clk 1:05:23]} gxf5 {[%clk 0:51:27]} 43. Kd3 {[%clk 1:05:20]} h5
{[%clk 0:50:32]} 44. Ke3 {[%clk 1:05:05]} Bd5 {[%clk 0:50:25]} 45. Nd3
{[%clk 1:05:05]} Kd6 {[%clk 0:50:26]} 46. Nc1 {[%clk 1:03:45]} Bc6
{[%clk 0:42:29]} 47. Ne2 {[%clk 0:56:45]} Kd5 {[%clk 0:40:13]} 48. b3
{[%clk 0:56:32]} Kd6 {[%clk 0:40:01]} 49. Nc3 {[%clk 0:47:44]} Bd5
{[%clk 0:35:33]} 50. Na4 {[%clk 0:43:18]} Kc6 {[%clk 0:34:27]} 51. Nc3
{[%clk 0:39:19]} Bxb3 {[%clk 0:34:29]} 52. Kf3 {[%clk 0:39:12]} Bd5+
{[%clk 0:34:15]} 53. Ke3 {[%clk 0:39:26]} Bc4 {[%clk 0:32:57]} 54. Kf3
{[%clk 0:39:26]} a5 {[%clk 0:31:49]} 55. Ke3 {[%clk 0:39:40]} axb4
{[%clk 0:31:20]} 56. axb4 {[%clk 0:39:56]} b5 {[%clk 0:31:12]} 57. Kf3
{[%clk 0:40:05]} Kd6 {[%clk 0:31:39]} 58. Ke3 {[%clk 0:40:08]} Ke6
{[%clk 0:27:12]} 59. Kf3 {[%clk 0:39:51]} e4+ {[%clk 0:25:18]} 60. Kf4
{[%clk 0:39:41]} Kf6 {[%clk 0:20:41]} 61. Nd1 {[%clk 0:39:31]} Bd3
{[%clk 0:19:56]} 62. Ne3 {[%clk 0:33:04]} Be2 {[%clk 0:17:27]} 63. Nxf5
{[%clk 0:33:13]} Ke6 {[%clk 0:16:29]} 64. Kxe4 {[%clk 0:25:50]} Kf6
{[%clk 0:11:15]} 65. Nd4 {[%clk 0:24:58]} Bf1 {[%clk 0:10:48]} 66. Kd5
{[%clk 0:23:46]} Bd3 {[%clk 0:10:19]} 67. Kc5 {[%clk 0:22:52]} Ke5
{[%clk 0:10:28]} 68. Nxb5 {[%clk 0:22:53]} Ke4 {[%clk 0:10:13]} 69. Nd4
{[%clk 0:22:44]} Ke3 {[%clk 0:10:24]} 70. b5 {[%clk 0:20:06]} Kf2
{[%clk 0:09:33]} 71. b6 {[%clk 0:20:13]} Ba6 {[%clk 0:09:59]} 72. Nf5
{[%clk 0:20:05]} Bb7 {[%clk 0:09:56]} 73. Kd4 {[%clk 0:19:40]} Kf3
{[%clk 0:09:48]} 74. Ke5 {[%clk 0:19:48]} Kg4 {[%clk 0:09:58]} 75. Kf6
{[%clk 0:19:42]} Bh1 {[%clk 0:09:40]} 76. Ng7 {[%clk 0:17:39]} Bb7
{[%clk 0:09:16]} 77. Nxh5 {[%clk 0:17:14]} Kxh5 {[%clk 0:09:30]} 78. Kf5
{[%clk 0:17:32]} Bc8+ {[%clk 0:09:18]} 79. Kf4 {[%clk 0:17:43]} Bb7
{[%clk 0:08:55]} 80. Ke5 {[%clk 0:17:17]} Kg6 {[%clk 0:09:10]} 81. Kd6
{[%clk 0:17:35]} Kh5 {[%clk 0:08:47]} 82. Kc7 {[%clk 0:17:54]} Bf3
{[%clk 0:08:57]} 83. b7 {[%clk 0:18:16]} Kg4 {[%clk 0:09:15]} 84. b8=Q
{[%clk 0:18:22]} Kxg3 {[%clk 0:09:30]} 85. Qd8 {[%clk 0:18:37]} Kf4
{[%clk 0:09:34]} 86. Qf6+ {[%clk 0:18:46]} Kg4 {[%clk 0:09:54]} 87. Qg5+
{[%clk 0:18:56]} Kh3 {[%clk 0:10:15]} 88. h5 1-0

[Event "WCO 2016"]
[Site "?"]
[Date "2016.09.11"]
[Round "9"]
[Board "29"]
[WhiteID "14800144"]
[White "Vilhete Vania Fausto Da T."]
[BlackID "3902773"]
[Black "Mena Ailen Oriana"]
[Result "1/2-1/2"]
[BlackElo "1715"]
[WhiteElo "1741"]
[LiveChessVersion "1.4.8"]

1. e4 {[%clk 1:30:58]} e5 {[%clk 1:30:39]} 2. Nf3 {[%clk 1:31:23]} Nc6
{[%clk 1:30:44]} 3. Bb5 {[%clk 1:31:47]} f5 {[%clk 1:28:41]} 4. Bxc6
{[%clk 1:27:48]} dxc6 {[%clk 1:28:54]} 5. Nxe5 {[%clk 1:24:19]} Qd4
{[%clk 1:27:19]} 6. Nf3 {[%clk 1:17:45]} Qxe4+ {[%clk 1:27:26]} 7. Qe2
{[%clk 1:18:09]} Nf6 {[%clk 1:22:18]} 8. Nc3 {[%clk 1:18:32]} Qxe2+
{[%clk 1:22:15]} 9. Nxe2 {[%clk 1:18:51]} Bd6 {[%clk 1:19:37]} 10. d3
{[%clk 1:18:45]} O-O {[%clk 1:19:03]} 11. O-O {[%clk 1:19:10]} Nd5
{[%clk 1:17:28]} 12. Bd2 {[%clk 1:18:26]} Bd7 {[%clk 1:15:37]} 13. a3
{[%clk 1:18:07]} Rae8 {[%clk 1:14:50]} 14. Rae1 {[%clk 1:16:24]} c5
{[%clk 1:07:34]} 15. Nc3 {[%clk 1:14:39]} c6 {[%clk 1:07:13]} 16. Nxd5
{[%clk 1:08:42]} cxd5 {[%clk 1:07:28]} 17. d4 {[%clk 1:09:05]} cxd4
{[%clk 0:56:13]} 18. Nxd4 {[%clk 1:09:18]} Be5 {[%clk 0:56:21]} 19. Bc3
{[%clk 1:06:20]} Rf7 {[%clk 0:52:04]} 20. f4 {[%clk 1:00:44]} Bd6
{[%clk 0:50:36]} 21. Rxe8+ {[%clk 0:59:33]} Bxe8 {[%clk 0:50:58]} 22. Re1
{[%clk 0:59:27]} Bd7 {[%clk 0:51:05]} 23. g3 {[%clk 0:59:51]} Re7
{[%clk 0:47:02]} 24. Rxe7 {[%clk 0:59:04]} Bxe7 {[%clk 0:47:22]} 25. Nf3
{[%clk 0:59:29]} Ba4 {[%clk 0:46:25]} 26. b3 {[%clk 0:57:01]} Bc6
{[%clk 0:45:25]} 27. a4 {[%clk 0:55:46]} d4 {[%clk 0:42:09]} 28. Nxd4
{[%clk 0:55:44]} Be4 {[%clk 0:42:28]} 29. Kf1 {[%clk 0:52:57]} Bc5 30. b4
{[%clk 0:48:29]} Bxd4 {[%clk 0:42:15]} 31. Bxd4 {[%clk 0:46:33]} Bxc2
{[%clk 0:42:33]} 1/2-1/2

[Event "WCO 2016"]
[Site "?"]
[Date "2016.09.11"]
[Round "9"]
[Board "32"]
[WhiteID "7500440"]
[White "Salim-Moussa Seydi"]
[BlackID "14800250"]
[Black "Castro Neusa Aridas De"]
[Result "1-0"]
[BlackElo "1476"]
[WhiteElo "1668"]
[LiveChessVersion "1.4.8"]

1. e4 {[%clk 1:30:55]} e6 {[%clk 1:30:56]} 2. d4 {[%clk 1:31:10]} d5
{[%clk 1:31:23]} 3. e5 {[%clk 1:31:35]} c5 {[%clk 1:31:46]} 4. c3
{[%clk 1:31:52]} Nc6 {[%clk 1:31:57]} 5. Nf3 {[%clk 1:31:47]} Qb6
{[%clk 1:32:02]} 6. Be2 {[%clk 1:31:46]} cxd4 {[%clk 1:30:59]} 7. cxd4
{[%clk 1:28:55]} Bb4+ {[%clk 1:31:18]} 8. Nc3 {[%clk 1:28:55]} Bxc3+
{[%clk 1:30:30]} 9. bxc3 {[%clk 1:29:06]} Nge7 {[%clk 1:30:56]} 10. O-O
{[%clk 1:28:33]} O-O {[%clk 1:27:58]} 11. Bd3 {[%clk 1:26:31]} g6
{[%clk 1:22:15]} 12. Bh6 {[%clk 1:23:06]} Re8 {[%clk 1:16:47]} 13. Bg5
{[%clk 1:17:06]} Kf8 {[%clk 1:01:21]} 14. Bf6 {[%clk 1:14:34]} Ng8
{[%clk 1:01:45]} 15. Qd2 {[%clk 1:11:00]} h6 {[%clk 0:55:50]} 16. g4
{[%clk 1:03:05]} Nce7 {[%clk 0:47:05]} 17. h4 {[%clk 0:58:23]} Rd8
{[%clk 0:43:57]} 18. h5 {[%clk 0:56:32]} gxh5 {[%clk 0:33:57]} 19. gxh5
{[%clk 0:54:23]} Nf5 {[%clk 0:31:14]} 20. Kh2 {[%clk 0:43:24]} Qc7
{[%clk 0:21:33]} 21. Bxd8 {[%clk 0:36:56]} Qxd8 {[%clk 0:21:55]} 22. Rg1
{[%clk 0:35:46]} f6 {[%clk 0:18:57]} 23. Rg4 {[%clk 0:33:27]} fxe5
{[%clk 0:15:49]} 24. Rag1 {[%clk 0:22:21]} Nf6 {[%clk 0:16:07]} 25. Bxf5
{[%clk 0:20:37]} exf5 {[%clk 0:15:29]} 26. Qxh6+ {[%clk 0:20:28]} Ke7
{[%clk 0:12:06]} 27. Rg7+ {[%clk 0:17:09]} Kd6 {[%clk 0:07:19]} 28. dxe5+
{[%clk 0:15:25]} Kc5 {[%clk 0:04:52]} 29. Qe3+ {[%clk 0:13:44]} d4
{[%clk 0:03:13]} 30. Qxd4+ {[%clk 0:13:58]} Qxd4 {[%clk 0:03:12]} 31. cxd4+
{[%clk 0:14:22]} Kd5 {[%clk 0:03:31]} 32. exf6 {[%clk 0:14:05]} Be6
{[%clk 0:02:04]} 33. f7 {[%clk 0:12:52]} Rh8 {[%clk 0:02:10]} 34. R1g5
{[%clk 0:12:34]} Rf8 {[%clk 0:01:22]} 35. h6 {[%clk 0:12:32]} Ke4
{[%clk 0:00:31]} 36. Kg2 {[%clk 0:11:50]} Bxf7 {[%clk 0:00:33]} 37. Rxf7
{[%clk 0:10:40]} Rxf7 {[%clk 0:00:52]} 38. Rg7 {[%clk 0:11:00]} Rf6
{[%clk 0:00:33]} 39. h7 {[%clk 0:10:19]} 1-0

[Event "WCO 2016"]
[Site "?"]
[Date "2016.09.11"]
[Round "9"]
[Board "29"]
[WhiteID "7700598"]
[White "Soondarsingh Aditi"]
[BlackID "11501723"]
[Black "Faqeeh Rahaf"]
[Result "1-0"]
[BlackElo "1450"]
[WhiteElo "1736"]
[LiveChessVersion "1.4.8"]

1. e4 {[%clk 1:30:56]} e6 {[%clk 1:30:49]} 2. b3 {[%clk 1:31:21]} d5
{[%clk 1:29:50]} 3. Bb2 {[%clk 1:29:46]} Nf6 {[%clk 1:29:53]} 4. e5
{[%clk 1:29:51]} Nfd7 {[%clk 1:30:13]} 5. Qg4 {[%clk 1:30:15]} g6
{[%clk 1:29:07]} 6. f4 {[%clk 1:30:15]} Bg7 {[%clk 1:27:22]} 7. Nf3
{[%clk 1:29:38]} c5 {[%clk 1:25:45]} 8. Be2 {[%clk 1:28:17]} Nc6 {[%clk 1:25:38]}
9. a3 {[%clk 1:23:57]} h5 {[%clk 1:21:22]} 10. Qg3 {[%clk 1:19:53]} Qb6
{[%clk 1:14:44]} 11. Nc3 {[%clk 1:19:11]} c4 {[%clk 1:11:34]} 12. Na4
{[%clk 1:15:15]} Qb5 {[%clk 1:11:47]} 13. Bd4 {[%clk 1:08:00]} Qa5
{[%clk 1:05:21]} 14. Nc3 {[%clk 1:06:56]} cxb3 {[%clk 1:04:03]} 15. cxb3
{[%clk 1:06:42]} Qd8 {[%clk 0:59:09]} 16. Nb5 {[%clk 1:04:43]} O-O
{[%clk 0:58:51]} 17. Nd6 {[%clk 1:01:34]} Nxd4 {[%clk 0:57:01]} 18. Nxd4
{[%clk 1:01:55]} Nc5 {[%clk 0:57:14]} 19. O-O {[%clk 0:55:11]} Ne4
{[%clk 0:56:54]} 20. Nxe4 {[%clk 0:55:31]} dxe4 {[%clk 0:57:20]} 21. Qe3
{[%clk 0:55:36]} Bd7 {[%clk 0:54:34]} 22. Qxe4 {[%clk 0:53:37]} Qb6
{[%clk 0:53:12]} 23. Kh1 {[%clk 0:51:41]} Rac8 {[%clk 0:52:31]} 24. Rac1
{[%clk 0:49:51]} Rfd8 {[%clk 0:49:36]} 25. Bc4 {[%clk 0:46:17]} Bc6
{[%clk 0:49:10]} 26. Nxc6 {[%clk 0:46:45]} Rxc6 {[%clk 0:48:42]} 27. d3
{[%clk 0:40:38]} Qc7 {[%clk 0:48:07]} 28. Qe3 {[%clk 0:37:18]} Bf8
{[%clk 0:46:31]} 29. a4 {[%clk 0:36:35]} Bc5 {[%clk 0:45:57]} 30. Qg3
{[%clk 0:32:10]} Bd4 {[%clk 0:45:16]} 31. Rcd1 {[%clk 0:29:53]} Qa5
{[%clk 0:42:43]} 32. Qg5 {[%clk 0:28:36]} Rdc8 {[%clk 0:40:53]} 33. Bb5
{[%clk 0:17:37]} Rc2 {[%clk 0:38:50]} 34. f5 {[%clk 0:16:37]} Qd8
{[%clk 0:35:50]} 35. f6 {[%clk 0:13:46]} Re2 {[%clk 0:33:37]} 36. Rfe1
{[%clk 0:09:24]} Rcc2 {[%clk 0:33:22]} 37. Qh6 {[%clk 0:03:54]} Qf8
{[%clk 0:33:19]} 38. Qxf8+ {[%clk 0:04:15]} Kxf8 {[%clk 0:33:39]} 39. Rxe2
{[%clk 0:04:35]} Rxe2 {[%clk 0:33:57]} 40. Rc1 {[%clk 0:34:55]} Kg8
{[%clk 1:03:50]} 41. g3 {[%clk 0:32:16]} Bxe5 {[%clk 1:04:04]} 42. d4
{[%clk 0:31:58]} Re3 {[%clk 1:03:18]} 43. dxe5 {[%clk 0:32:24]} Rxe5
{[%clk 1:03:23]} 44. Rc8+ {[%clk 0:32:12]} Kh7 {[%clk 1:03:37]} 45. Rc7
{[%clk 0:32:18]} Rf5 {[%clk 1:03:09]} 46. Rxf7+ {[%clk 0:32:31]} 1-0

[Event "WCO 2016"]
[Site "?"]
[Date "2016.09.11"]
[Round "9"]
[Board "30"]
[WhiteID "11500522"]
[White "Albzoor Anwar"]
[BlackID "7702523"]
[Black "Yearwood Shannon"]
[Result "0-1"]
[BlackElo "1662"]
[WhiteElo "1570"]
[LiveChessVersion "1.4.8"]

1. Nf3 {[%clk 1:30:55]} d5 {[%clk 1:30:12]} 2. c4 {[%clk 1:31:01]} c6
{[%clk 1:30:05]} 3. cxd5 {[%clk 1:30:31]} cxd5 {[%clk 1:30:28]} 4. d4
{[%clk 1:30:15]} Nf6 {[%clk 1:28:25]} 5. Nc3 {[%clk 1:29:13]} Nc6
{[%clk 1:27:57]} 6. g3 {[%clk 1:29:10]} h6 7. Bg2 {[%clk 1:28:40]} Bf5
{[%clk 1:24:02]} 8. O-O {[%clk 1:21:24]} e6 {[%clk 1:23:09]} 9. a3
{[%clk 1:17:57]} Be7 {[%clk 1:18:54]} 10. Qb3 {[%clk 1:10:21]} Qb6
{[%clk 1:15:09]} 11. Qxb6 {[%clk 1:06:47]} axb6 {[%clk 1:15:31]} 12. h3
{[%clk 0:59:15]} O-O {[%clk 1:11:36]} 13. Bf4 {[%clk 0:56:26]} Rfc8
{[%clk 1:00:33]} 14. Nb5 {[%clk 0:53:30]} Na5 {[%clk 0:57:12]} 15. Rac1
{[%clk 0:41:18]} Nb3 {[%clk 0:53:29]} 16. Rc3 {[%clk 0:37:28]} Rxc3
{[%clk 0:52:51]} 17. Nxc3 {[%clk 0:37:41]} Rc8 {[%clk 0:52:09]} 18. e3
{[%clk 0:28:20]} Bxa3 {[%clk 0:47:47]} 19. Nb5 {[%clk 0:24:27]} Bb4
{[%clk 0:32:43]} 20. Rd1 {[%clk 0:18:21]} Bc2 {[%clk 0:31:44]} 21. Rf1
{[%clk 0:14:53]} Bd3 {[%clk 0:31:30]} 22. Nd6 {[%clk 0:13:46]} Bxd6
{[%clk 0:31:51]} 23. Bxd6 {[%clk 0:13:56]} Bxf1 {[%clk 0:32:00]} 24. Bxf1
{[%clk 0:14:16]} Ne4 {[%clk 0:30:36]} 25. Bb4 {[%clk 0:13:24]} Rc2
{[%clk 0:30:03]} 26. Be1 {[%clk 0:07:56]} Rxb2 {[%clk 0:28:23]} 27. Bd3
{[%clk 0:08:00]} Nc1 {[%clk 0:22:11]} 28. Bf1 {[%clk 0:03:47]} Ne2+
{[%clk 0:21:09]} 29. Kg2 {[%clk 0:03:13]} f6 {[%clk 0:20:17]} 30. Bxe2
{[%clk 0:02:18]} Rxe2 {[%clk 0:20:31]} 31. g4 {[%clk 0:01:32]} b5
{[%clk 0:19:30]} 32. Kf1 {[%clk 0:01:09]} Rb2 {[%clk 0:19:47]} 33. Ng1
{[%clk 0:00:55]} b4 {[%clk 0:18:41]} 34. Ne2 {[%clk 0:01:13]} b3 {[%clk 0:18:11]}
35. Nc3 {[%clk 0:00:44]} Nxc3 {[%clk 0:18:04]} 36. Bxc3 {[%clk 0:01:09]} Rc2
{[%clk 0:18:26]} 0-1

[Event "WCO 2016"]
[Site "?"]
[Date "2016.09.11"]
[Round "9"]
[Board "31"]
[WhiteID "7701128"]
[White "Johnson Gabriella"]
[BlackID "11501880"]
[Black "Faqeeh Aseel"]
[Result "1-0"]
[BlackElo "1488"]
[WhiteElo "1794"]
[LiveChessVersion "1.4.8"]

1. e4 {[%clk 1:30:56]} e6 {[%clk 1:30:44]} 2. d4 {[%clk 1:31:22]} d5
{[%clk 1:30:48]} 3. Nc3 {[%clk 1:31:35]} c5 {[%clk 1:29:57]} 4. exd5
{[%clk 1:31:43]} exd5 {[%clk 1:29:54]} 5. dxc5 {[%clk 1:31:58]} Nf6
{[%clk 1:27:48]} 6. Be3 {[%clk 1:30:55]} Nc6 {[%clk 1:26:27]} 7. Nf3
{[%clk 1:21:36]} Be7 {[%clk 1:21:54]} 8. Be2 {[%clk 1:21:19]} O-O
{[%clk 1:22:01]} 9. O-O {[%clk 1:20:04]} Bg4 {[%clk 1:21:02]} 10. Nd4
{[%clk 1:13:50]} Bxe2 {[%clk 1:19:19]} 11. Qxe2 {[%clk 1:12:13]} Re8
{[%clk 1:17:23]} 12. Qb5 {[%clk 0:53:16]} Qc7 {[%clk 1:07:57]} 13. h3
{[%clk 0:46:35]} a6 {[%clk 0:59:31]} 14. Qd3 {[%clk 0:45:47]} Bxc5
{[%clk 0:49:37]} 15. Ndb5 {[%clk 0:30:36]} axb5 {[%clk 0:41:25]} 16. Bxc5
{[%clk 0:29:28]} b4 {[%clk 0:29:49]} 17. Nxd5 {[%clk 0:25:40]} Nxd5
{[%clk 0:27:41]} 18. Qxd5 {[%clk 0:25:26]} Ra5 {[%clk 0:23:24]} 19. Qd6
{[%clk 0:22:17]} Qc8 {[%clk 0:18:25]} 20. Be3 {[%clk 0:19:59]} Rd8
{[%clk 0:16:54]} 21. Qg3 {[%clk 0:18:18]} Nd4 {[%clk 0:14:24]} 22. Bxd4
{[%clk 0:17:03]} Rxd4 {[%clk 0:14:38]} 23. Qe3 {[%clk 0:17:10]} Rd6
{[%clk 0:14:05]} 24. Rfe1 {[%clk 0:16:27]} Re6 {[%clk 0:14:17]} 25. Qb3
{[%clk 0:16:46]} Rae5 {[%clk 0:13:29]} 26. Rxe5 {[%clk 0:16:14]} Rxe5
{[%clk 0:13:52]} 27. Qxb4 {[%clk 0:16:40]} Qxc2 {[%clk 0:13:36]} 28. Qxb7
{[%clk 0:16:55]} h6 {[%clk 0:13:36]} 29. Qb8+ {[%clk 0:14:48]} Kh7
{[%clk 0:13:34]} 30. Qxe5 {[%clk 0:15:12]} f6 {[%clk 0:13:09]} 31. Qc3
{[%clk 0:15:32]} 1-0

[Event "WCO 2016"]
[Site "?"]
[Date "2016.09.11"]
[Round "9"]
[Board "32"]
[WhiteID "11501642"]
[White "Faqeeh Yara"]
[BlackID "7702060"]
[Black "James Shemilah"]
[Result "0-1"]
[BlackElo "1495"]
[WhiteElo "1499"]
[LiveChessVersion "1.4.8"]

1. d4 {[%clk 1:30:53]} d5 {[%clk 1:30:41]} 2. c4 {[%clk 1:31:02]} c6
{[%clk 1:30:56]} 3. Nc3 {[%clk 1:31:05]} Nf6 {[%clk 1:31:00]} 4. Bg5
{[%clk 1:29:23]} Nbd7 {[%clk 1:29:34]} 5. e3 {[%clk 1:29:09]} e6 {[%clk 1:29:38]}
6. Nf3 {[%clk 1:28:37]} h6 {[%clk 1:28:39]} 7. Bh4 {[%clk 1:28:15]} Be7
{[%clk 1:24:26]} 8. cxd5 {[%clk 1:23:17]} exd5 {[%clk 1:22:12]} 9. Bd3
{[%clk 1:22:43]} O-O {[%clk 1:21:03]} 10. O-O {[%clk 1:22:46]} Re8
{[%clk 1:19:34]} 11. Rc1 {[%clk 1:20:26]} a6 {[%clk 1:05:18]} 12. a4
{[%clk 1:14:43]} Ne4 {[%clk 0:53:00]} 13. Bxe7 {[%clk 1:07:02]} Qxe7
{[%clk 0:51:28]} 14. Qc2 {[%clk 1:01:07]} Ndf6 {[%clk 0:44:34]} 15. Rfe1
{[%clk 0:50:15]} Nxc3 {[%clk 0:34:36]} 16. Qxc3 {[%clk 0:44:24]} Ne4
{[%clk 0:30:34]} 17. Qc2 {[%clk 0:40:04]} Rb8 {[%clk 0:18:45]} 18. Nd2
{[%clk 0:28:08]} Nxd2 {[%clk 0:18:04]} 19. Qxd2 {[%clk 0:28:23]} Qg5
{[%clk 0:17:03]} 20. Bf1 {[%clk 0:20:51]} Re6 {[%clk 0:15:33]} 21. Kh1
{[%clk 0:17:44]} h5 {[%clk 0:14:24]} 22. Qd1 {[%clk 0:13:30]} h4 {[%clk 0:13:18]}
23. f4 {[%clk 0:12:34]} Qe7 {[%clk 0:10:58]} 24. Qf3 {[%clk 0:10:46]} Rf6
{[%clk 0:10:09]} 25. Bd3 {[%clk 0:09:39]} Bf5 {[%clk 0:08:51]} 26. Bxf5
{[%clk 0:09:17]} Rxf5 {[%clk 0:09:19]} 27. Qg4 {[%clk 0:09:26]} g6
{[%clk 0:07:46]} 28. b3 {[%clk 0:06:05]} Re8 {[%clk 0:07:45]} 29. Qf3
{[%clk 0:03:18]} Qb4 {[%clk 0:07:28]} 30. Qd1 {[%clk 0:03:18]} Qe7
{[%clk 0:06:30]} 31. Qf3 {[%clk 0:02:51]} g5 {[%clk 0:06:44]} 32. Qh5
{[%clk 0:02:46]} Rxf4 {[%clk 0:06:25]} 33. Qe2 {[%clk 0:02:06]} Rxd4
{[%clk 0:06:00]} 34. exd4 {[%clk 0:01:34]} Qxe2 {[%clk 0:06:24]} 35. Rxe2
{[%clk 0:01:57]} Rxe2 {[%clk 0:06:53]} 36. Kg1 {[%clk 0:01:50]} Rd2
{[%clk 0:07:13]} 37. Re1 {[%clk 0:02:01]} Rxd4 {[%clk 0:07:08]} 38. Re3
{[%clk 0:01:50]} Kf8 {[%clk 0:07:03]} 39. Kf2 {[%clk 0:02:09]} Re4
{[%clk 0:06:54]} 40. Rd3 {[%clk 0:32:25]} Ke7 {[%clk 0:37:13]} 41. Kf3
{[%clk 0:32:03]} f6 {[%clk 0:35:55]} 0-1

[Event "WCO 2016"]
[Site "?"]
[Date "2016.09.11"]
[Round "9"]
[Board "1"]
[WhiteID "10800794"]
[White "Jumba Gloria"]
[BlackID "3000575"]
[Black "Silva Rosas Natalia"]
[Result "0-1"]
[BlackElo "1812"]
[WhiteElo "1591"]
[LiveChessVersion "1.4.8"]

1. d4 {[%clk 1:30:52]} f5 {[%clk 1:30:37]} 2. Nf3 {[%clk 1:30:41]} g6
{[%clk 1:30:47]} 3. g3 {[%clk 1:30:51]} Bg7 {[%clk 1:31:03]} 4. Bg2
{[%clk 1:31:14]} Nf6 {[%clk 1:31:27]} 5. c4 {[%clk 1:29:52]} d6 {[%clk 1:31:26]}
6. Nc3 {[%clk 1:29:36]} O-O {[%clk 1:31:25]} 7. Qd3 {[%clk 1:29:56]} c6
{[%clk 1:30:12]} 8. O-O {[%clk 1:30:15]} Qe8 {[%clk 1:28:15]} 9. e4
{[%clk 1:26:02]} fxe4 {[%clk 1:22:00]} 10. Nxe4 {[%clk 1:26:22]} Bf5
{[%clk 1:18:46]} 11. Nxf6+ {[%clk 1:26:40]} Bxf6 {[%clk 1:16:43]} 12. Qe2
{[%clk 1:17:21]} Bg4 {[%clk 1:13:52]} 13. Qe4 {[%clk 1:05:12]} Qd7
{[%clk 1:10:56]} 14. d5 {[%clk 0:52:56]} c5 {[%clk 1:10:17]} 15. Ng5
{[%clk 0:50:45]} Qf5 {[%clk 0:59:35]} 16. Qxf5 {[%clk 0:45:23]} Bxf5
{[%clk 0:57:49]} 17. Ne4 {[%clk 0:42:59]} Bxe4 {[%clk 0:53:21]} 18. Bxe4
{[%clk 0:43:25]} Nd7 {[%clk 0:53:40]} 19. Rb1 {[%clk 0:42:10]} Bd4
{[%clk 0:51:00]} 20. Be3 {[%clk 0:37:50]} Bxe3 {[%clk 0:49:19]} 21. fxe3
{[%clk 0:38:17]} Ne5 {[%clk 0:49:36]} 22. b3 {[%clk 0:33:19]} a6 {[%clk 0:49:03]}
23. h3 {[%clk 0:31:23]} b5 {[%clk 0:49:11]} 24. cxb5 {[%clk 0:24:46]} axb5
{[%clk 0:49:36]} 25. Rxf8+ {[%clk 0:23:48]} Kxf8 {[%clk 0:49:53]} 26. Rb2
{[%clk 0:23:25]} b4 {[%clk 0:46:35]} 27. Rc2 {[%clk 0:22:03]} Kg7
{[%clk 0:46:10]} 28. Kg2 {[%clk 0:22:03]} Rf8 {[%clk 0:45:50]} 29. Rf2
{[%clk 0:19:23]} Rf6 {[%clk 0:44:24]} 30. g4 {[%clk 0:18:04]} Rxf2+
{[%clk 0:42:36]} 31. Kxf2 {[%clk 0:18:04]} Kf6 {[%clk 0:42:55]} 32. Kg3
{[%clk 0:18:36]} e6 {[%clk 0:42:33]} 33. h4 {[%clk 0:14:09]} exd5
{[%clk 0:41:04]} 34. Bxd5 {[%clk 0:14:29]} g5 {[%clk 0:40:54]} 35. h5
{[%clk 0:14:10]} h6 {[%clk 0:40:56]} 36. Be4 {[%clk 0:07:44]} Nd7
{[%clk 0:40:59]} 37. Kf3 {[%clk 0:07:11]} Ke5 {[%clk 0:40:57]} 38. Bf5
{[%clk 0:06:27]} Nb6 {[%clk 0:41:15]} 39. Ke2 {[%clk 0:06:16]} d5
{[%clk 0:41:08]} 40. Bd3 {[%clk 0:35:32]} c4 {[%clk 1:11:15]} 41. Bc2
{[%clk 0:35:28]} Nd7 {[%clk 1:10:24]} 42. bxc4 {[%clk 0:29:19]} dxc4
{[%clk 1:10:53]} 43. Kd2 {[%clk 0:28:25]} Nf6 {[%clk 1:10:55]} 44. Bd1
{[%clk 0:28:06]} Ne4+ {[%clk 1:10:47]} 45. Kc2 {[%clk 0:23:39]} Nd6
{[%clk 1:09:36]} 46. Bf3 {[%clk 0:23:28]} Nb5 {[%clk 1:09:14]} 47. Bc6
{[%clk 0:16:40]} Na3+ {[%clk 1:04:24]} 48. Kc1 {[%clk 0:15:15]} c3
{[%clk 1:04:11]} 49. Bf3 {[%clk 0:15:19]} Nc4 {[%clk 1:04:27]} 50. a4
{[%clk 0:08:00]} b3 {[%clk 1:04:38]} 51. Be2 {[%clk 0:05:26]} b2+
{[%clk 1:04:46]} 0-1